[Event "Thessaloniki Vardaris op 7th"]
[Site "Thessaloniki"]
[Date "2024.03.14"]
[Round "1"]
[White "Tsagkas, Ilias"]
[Black "Dogias, Christos"]
[Result "0-1"]
[WhiteElo "1804"]
[BlackElo "2043"]
[PlyCount "108"]
[EventDate "2024.03.14"]
[EventType "swiss"]
[EventRounds "7"]
[EventCountry "GRE"]
[SourceTitle "CB13_2024"]
[SourceDate "2024.03.27"]
[SourceVersion "1"]
[SourceVersionDate "2024.03.27"]
[SourceQuality "1"]

1. e4 c5 2. Nc3 e6 3. g3 Nc6 4. Bg2 g6 5. Nf3 Bg7 6. 0-0 d6 7. d3 Nge7 8. Be3 e5 9. Qd2 0-0 10. Bh6 Rb8 11. Bxg7 Kxg7 12. a4 h6 13. Ne1 Be6 14. f4 Qd7 15. fxe5 dxe5 16. Qf2 Qd4 17. Nf3 Qxf2+ 18. Rxf2 b6 19. Nb5 f6 20. Nc7 Bc8 21. Nd2 Nb4 22. Nc4 Rb7 23. Nb5 Be6 24. Nc3 Rd8 25. Raf1 Ng8 26. Ne3 Rf7 27. h4 h5 28. Kh2 Nh6 29. Bh3 Ng4+ 30. Bxg4 hxg4 31. Kg2 Rh8 32. Nb5 a6 33. Nd6 Rff8 34. Nec4 Rh5 35. Nxb6 g5 36. Nf5+ Bxf5 37. Rxf5 Nxc2 38. Nd5 Rh7 39. R1f2 Ne1+ 40. Kf1 Nf3 41. Nc7 Kg6 42. Ne6 Re8 43. Nxc5 gxh4 44. gxh4 Rxh4 45. Rg2 Nd4 46. Rff2 Rc8 47. b4 a5 48. Rb2 axb4 49. Na6 b3 50. Nb4 Rc1+ 51. Kf2 Kg5 52. Nd5 Rc2+ 53. Rxc2 bxc2 54. Rg1 Rh2+ 0-1